000 00236nam a22000977a 4500
008 160512b xxu||||| |||| 00| 0 eng d
041 _aeng
080 _a612.39
245 _aTeknologjia e prodhimeve blegtorale:
_cL. Kore;
942 _2udc
_cBK
999 _c2113
_d2113